| 000 | 00488nam a2200157 a 4500 | ||
|---|---|---|---|
| 001 | 000024231 | ||
| 005 | 20240227073914.0 | ||
| 008 | 110125s1965 dr 000 0 spa d | ||
| 040 |
_aDO-SdBNP _bspa _cBNPHU |
||
| 082 |
_axxx _bV648 |
||
| 245 | 0 | 0 |
_aVida y pensamiento de Mercedes Mota / _cprólogo Max Henríquez Ureña. |
| 260 |
_aSanto Domingo : _bEditora del Caribe, _c1965. |
||
| 300 |
_a158 p. ; _c24 cm. |
||
| 700 | 1 |
_aHenríquez Ureña, Max, _d1885-1968 _epról. _92621 |
|
| 049 | _aBNPD | ||
| 999 |
_c23725 _d23725 |
||